| 000 | 00365cam a22001217a 4500 | ||
|---|---|---|---|
| 008 | 180718b1977 xxu||||| |||| 00| 0 eng d | ||
| 082 | _aT39 W155 | ||
| 245 |
_aThe future of international economic organizations _cedited by Don Wallace |
||
| 260 |
_aNew York _bPraeger _c1977 |
||
| 300 | _a188p. | ||
| 650 | _aInternational economic relations | ||
| 700 | _aWallace, Don. | ||
| 999 |
_c356788 _d356788 |
||